| 000 | 00915nac a22002291u 4500 | ||
|---|---|---|---|
| 008 | 100907t1991 nyu|||||r|||| 00| 0 eng d | ||
| 010 | _a 89013665 | ||
| 020 | _a0070588813 | ||
| 082 | 0 | 0 |
_a624.1821 _bROK _222 |
| 100 |
_aRokach, Abraham J. _918713 |
||
| 245 | 1 | 0 |
_aSchaum's Outline of Theory and Problems of Structural Steel Design : _bLoad and Resistance Factor Method / _cAbraham J. Rokach. |
| 260 |
_aNew York : _bMcGraw-Hill, _c1991. |
||
| 300 |
_avii, 187 p. : _bill. ; _c28 cm. |
||
| 490 | 0 |
_aSchaum's outline series _918714 |
|
| 500 | _aIncludes index. | ||
| 650 | 0 |
_aBuilding, Iron and steel _xProblems, exercises, etc. _918715 |
|
| 650 | 0 |
_aSteel, Structural _xProblems, exercises, etc. _918716 |
|
| 650 | 0 |
_aLoad factor design _xProblems, exercises, etc. _918717 |
|
| 740 | 0 | _aStructural steel design. | |
| 740 | 0 | _aTheory and problems of structural steel design. | |
| 942 |
_cBB _k624.1821ROK _2ddc |
||
| 999 |
_c110 _d110 |
||